Cinéma - Quelques films autobiographiques - Statistiques

Statistiques générales
  • Ce quiz a été pris 96 fois
  • Le résultat moyen est 12 sur 26
Statistiques - réponses
Réalisateur Année Réponse % Correct
François Truffaut 1959 Les 400 {coups}
90%
Diane Kurys 1977 Diabolo {menthe}
87%
Bernard-Henri Lévy 1997 Le Jour et la {Nuit}
87%
Guillaume Canet 2017 Rock'n {Roll}
86%
Claude Berri 1967 Le vieil {homme} et l'enfant
85%
Claude Berri 2005 L'un reste, l'autre {part}
85%
Guillaume Gallienne 2013 Les garçons et Guillaume, à {table} !
82%
Claude Berri 1976 La {première} fois
73%
Maurice Pialat 1972 Nous ne vieillirons pas {ensemble}
60%
Louis Malle 1987 Au revoir les {enfants}
56%
Nani Moretti 1993 Journal {intime}
48%
Diane Kurys 1990 La Baule-les-{Pins}
46%
Cyril Colard 1992 Les {nuits} fauves
45%
Grand corps malade 2017 P{Patients}
41%
Diane Kurys 1980 Cocktail {Molotov}
37%
Diane Kurys 1983 Coup de {foudre}
34%
Abd Al Malik 2014 Qu'Allah {bénisse} la France
25%
Diane Kurys 1991 Après l'{amour}
22%
Maurice Pialat 1995 Le {Garçu}
21%
Claude Berri 1972 Sex-{shop}
16%
Henri Verneuil 1992 588, rue {Paradis}
15%
Claude Berri 1970 Le {cinéma} de papa
13%
Claude Berri 1999 La {débandade}
8%
Claude Berri 1969 Mazel Tov ou le {mariage}
8%
Henri Verneuil 1991 M{Mayrig}
7%
Claude Berri 1970 Le {Pistonné}
4%
Aucun quiz correspondant
Distribution des résultats
% des personnes avec chaque résultat
Percentile par nombre de réponses
Votre historique - résultats
Vous n’avez pas pris ce quiz